| 000 | 00946cam a22002775a 4500 | ||
|---|---|---|---|
| 001 | 16812017 | ||
| 005 | 20150526142732.0 | ||
| 008 | 110606t2011 flua frb 001 0 eng d | ||
| 020 | _a9781420092509 (hardcover : alk. paper) | ||
| 040 |
_aDLC _cDLC _dDLC _dDLC _dEG-ScBUE |
||
| 082 | 0 | 0 |
_a621.4023 _222 _bRAG |
| 100 | 1 |
_aRagland, Kenneth W. _938089 |
|
| 245 | 1 | 0 |
_aCombustion engineering / _cKenneth W. Ragland, Kenneth M. Bryden. |
| 250 | _a2nd ed. | ||
| 260 |
_aBoca Raton : _bCRC Press / Taylor & Francis Group, _cc.2011. |
||
| 300 |
_axxvii, 521 p. : _bill. ; _c25 cm. |
||
| 500 | _aIndex : p. 509-521. | ||
| 504 | _aIncludes bibliographical references. | ||
| 650 | 0 |
_aCombustion engineering. _2BUEsh |
|
| 651 | _2BUEsh | ||
| 653 |
_bENGMEC _cMay2015 |
||
| 655 |
_vreading book _934232 |
||
| 700 | 1 | _aBryden, Kenneth M. | |
| 942 | _2ddc | ||
| 999 |
_c19447 _d19419 |
||